• 首页
  • 本馆介绍
  • 公告通知
  • 最新文献
  • 馆藏检索
  • 电子资源
  • 读者导购
  • 参考咨询
  • 我的图书馆
  • 登录
  • 详细信息显示
  • 放入我的书架
  • 预约/预借图书
  • 作者相关作品
  • 分类相关作品
  • 丛书相关作品
  • 出版社相关作品

书目信息

  • 表格格式
  • 工作单格式
  • 卡片格式
题名:
世界上最伟大的推销员大全集
    
 
作者: 翟文明 , 宿春礼 编著
分册:  
出版信息: 北京   中国华侨出版社  2010
页数: 14,419页
开本: 29cm
丛书名:
单 册:
中图分类: F713.3
科图分类:
主题词: 推销--通俗读物 , 推销
电子资源:
ISBN: 978-7-5113-0299-1
000 01074nam0 2200253 45
001 012001002181
005 20140926114740.0
010    @a978-7-5113-0299-1@dCNY59.80
100    @a20100603d2010 em y0chiy50 ea
101 0  @achi
102    @aCN@b110000
105    @ay z 000yy
106    @ar
200 1  @a世界上最伟大的推销员大全集@9shi jie shang zui wei da de tui xiao yuan da quan ji@f翟文明,宿春礼编著
210    @a北京@c中国华侨出版社@d2010
215    @a14,419页@d29cm
330    @a本书由“世界上最伟大的推销员”、“世界上最伟大的营销方法”、“世界上最伟大的营销书”三部分组成。第一部分介绍了乔·吉拉德、原一平、法兰克·贝特格等世界顶级推销大师的推销经验和成功之道;第二部分收录了营销环境分析、市场机会选择、确定产品竞争优势、价格定位与营销推广等方面最有效的营销方法;第三部分介绍了世界顶级营销大师的经典著作。
606 0  @a推销@j通俗读物
606 0  @a推销
690    @aF713.3@v4
701  0 @a翟文明@9zhai wen ming@c(图书编辑)@4编著
701  0 @a宿春礼@9su chun li@f(1971~)@4编著
801  0 @aCN@b上海新华@c20180901
905    @b1160271-5@dF713.3@e1065@f5
    
    世界上最伟大的推销员大全集/翟文明,宿春礼编著.-北京:中国华侨出版社,2010
    14,419页;29cm
    
    
    ISBN 978-7-5113-0299-1:CNY59.80
    本书由“世界上最伟大的推销员”、“世界上最伟大的营销方法”、“世界上最伟大的营销书”三部分组成。第一部分介绍了乔·吉拉德、原一平、法兰克·贝特格等世界顶级推销大师的推销经验和成功之道;第二部分收录了营销环境分析、市场机会选择、确定产品竞争优势、价格定位与营销推广等方面最有效的营销方法;第三部分介绍了世界顶级营销大师的经典著作。
●
相关链接 在E读中查询图书 在五车中查询图书 在当当中查询图书 在豆瓣中查询图书


正题名:世界上最伟大的推销员大全集     索取号:F713.3/1065         预约/预借

序号 登录号 条形码 馆藏地/架位号 状态 备注
1 1160271   211602719   第一样本阅览室/ [索取号:F713.3/1065] 在馆    
2 1160272   211602728   第一借阅区/ [索取号:F713.3/1065] 在馆    
3 1160273   211602737   第一借阅区/ [索取号:F713.3/1065] 在馆    
4 1160274   211602746   密集书库-海洋学院/ [索取号:F713.3/1065] 在馆    
5 1160275   211602755   第一借阅区/ [索取号:F713.3/1065] 在馆    
唐山师范学院图书馆 欢迎您!
大连网信软件有限公司© 版权所有